[Event "North Urals Cup"]
[Site "Krasnoturinsk RUS"]
[Date "2005.07.04"]
[Round "1"]
[White "Zhukova,N"]
[Black "Kosintseva,N"]
[Result "1/2-1/2"]
[WhiteElo "2478"]
[BlackElo "2490"]
[EventDate "2005.07.04"]

1. d4 Nf6 2. c4 e6 3. Nf3 d5 4. Nc3 dxc4 5. e4 Bb4 6. Bg5 c5 7. Bxc4 cxd4
8. Nxd4 Bxc3+ 9. bxc3 Qa5 10. Bb5+ Nbd7 11. Bxf6 Qxc3+ 12. Kf1 gxf6 13. h4
Ke7 14. Rh3 Qa5 15. Rc1 a6 16. Be2 Rd8 17. Rhc3 Ne5 18. Qb3 Rxd4 19. Rxc8
Rxc8 20. Qxb7+ Nd7 21. Qxc8 Rxe4 22. Rd1 Qa4 23. g3 a5 24. Qa6 Rd4 25. Rxd4
Qxd4 26. Qxa5 f5 27. a4 Nc5 28. Qa7+ Kf6 29. Bh5 Qc4+ 30. Kg1 e5 31. a5 e4
32. Qc7 Qd5 33. Qf4 Nd3 34. Qh6+ Ke7 35. a6 Qd4 36. Qg5+ Ke6 37. Qe3 Qa1+
38. Kg2 Qxa6 39. Qh6+ f6 40. Qxh7 Ne1+ 41. Kg1 Nf3+ 42. Bxf3 exf3 43. Qg8+
Ke7 44. Qg7+ Ke6 45. Qg8+ Ke7 46. Qg7+ Ke6 47. Qg8+ Ke7 48. Qg7+ 1/2-1/2

[Event "North Urals Cup"]
[Site "Krasnoturinsk RUS"]
[Date "2005.07.04"]
[Round "1"]
[White "Xu Yuhua"]
[Black "Koneru,H"]
[Result "1/2-1/2"]
[WhiteElo "2480"]
[BlackElo "2531"]
[EventDate "2005.07.04"]

1. e4 c5 2. Nf3 e6 3. d4 cxd4 4. Nxd4 a6 5. Nc3 Qc7 6. Be2 b5 7. O-O b4 8.
Na4 Bb7 9. Bf3 Bd6 10. h3 Nf6 11. Re1 Nc6 12. Nxc6 dxc6 13. Be3 Nd7 14. c4
Rd8 15. Qc2 c5 16. Rad1 O-O 17. e5 Be7 18. Bxb7 Qxb7 19. b3 Qc6 20. Bf4 Nb6
21. Nxb6 Qxb6 22. Be3 a5 23. Rxd8 Rxd8 24. Rd1 Rxd1+ 25. Qxd1 Qc6 26. Qd3
1/2-1/2

[Event "North Urals Cup"]
[Site "Krasnoturinsk RUS"]
[Date "2005.07.04"]
[Round "1"]
[White "Kosteniuk,A"]
[Black "Kosintseva,T"]
[Result "1-0"]
[WhiteElo "2516"]
[BlackElo "2477"]
[EventDate "2005.07.04"]

1. e4 c5 2. Nf3 Nc6 3. d4 cxd4 4. Nxd4 Nf6 5. Nc3 d6 6. Bg5 e6 7. Qd2 a6 8.
O-O-O Bd7 9. f4 Be7 10. Nf3 b5 11. Bxf6 gxf6 12. f5 Qb6 13. Kb1 O-O-O 14.
g3 Kb8 15. Bh3 Bc8 16. fxe6 fxe6 17. Qh6 b4 18. Ne2 Ne5 19. Ned4 Rdg8 20.
Qh5 Nxf3 21. Qxf3 f5 22. Rhe1 Bf6 23. Nb3 Bb7 24. Qf1 Rd8 25. exf5 e5 26.
Bg2 d5 27. Nd4 Rd6 28. Ne6 Rc8 29. g4 h6 30. h4 Rxe6 31. fxe6 Qxe6 32. g5
hxg5 33. hxg5 Bxg5 34. Bh3 Qf6 35. Bxc8 Kxc8 36. Qh3+ Kc7 37. Qh7+ Kb6 38.
Rg1 Bc6 39. Qg8 Be3 40. Rg6 Qf3 41. Qxd5 1-0

[Event "North Urals Cup"]
[Site "Krasnoturinsk RUS"]
[Date "2005.07.05"]
[Round "2"]
[White "Kovalevskaya,E"]
[Black "Kosintseva,T"]
[Result "1-0"]
[WhiteElo "2471"]
[BlackElo "2477"]
[EventDate "2005.07.04"]

1. e4 c5 2. Nc3 Nc6 3. g3 g6 4. Bg2 Bg7 5. d3 d6 6. Be3 b6 7. Qd2 Bb7 8.
Nf3 Qd7 9. O-O Nd4 10. Nh4 e6 11. Nd1 Ne7 12. c3 Ndc6 13. d4 cxd4 14. cxd4
O-O 15. Nc3 d5 16. e5 f6 17. f4 Ba6 18. Ne2 Rac8 19. Nf3 fxe5 20. dxe5 Nf5
21. Bf2 Nb4 22. Qxb4 Bxe2 23. Rfc1 Rc6 24. Ng5 h6 25. Rc2 Rc4 26. Rxc4 Qc6
27. Nxe6 Qxe6 28. Qd2 Bxc4 29. b3 Kh8 30. bxc4 dxc4 31. Rc1 Rc8 32. Bb7 c3
33. Rxc3 Rxc3 34. Qxc3 Qxa2 35. Be4 Qf7 36. Qc6 Kh7 37. Qa8 h5 38. Qc8 Nh6
39. Qc6 Nf5 40. Kg2 h4 41. Qd5 Qxd5 42. Bxd5 hxg3 43. hxg3 Bf8 44. g4 Ne7
45. Bb7 Bg7 46. Bd4 b5 47. Kf3 a5 48. Ke4 b4 49. f5 gxf5+ 50. gxf5 Ng8 51.
Bc6 b3 52. Ba4 Nh6 53. Bxb3 Bf8 54. Bc2 Kg8 55. Kd5 a4 56. f6 a3 57. e6 a2
58. Bb3 Nf5 59. Bxa2 Ba3 60. Ke5 Nxd4 61. e7+ 1-0

[Event "North Urals Cup"]
[Site "Krasnoturinsk RUS"]
[Date "2005.07.05"]
[Round "2"]
[White "Kosintseva,N"]
[Black "Xu Yuhua"]
[Result "1/2-1/2"]
[WhiteElo "2490"]
[BlackElo "2480"]
[EventDate "2005.07.04"]

1. e4 e6 2. d4 d5 3. Nc3 Nf6 4. e5 Nfd7 5. Nf3 c5 6. dxc5 Nc6 7. Bf4 Bxc5
8. Bd3 f6 9. exf6 Qxf6 10. Bg5 Qf7 11. Bh4 Nde5 12. Nxe5 Nxe5 13. Bg3 O-O
14. O-O Nc6 15. Qd2 a6 16. a3 Qf6 17. Kh1 Bd4 18. f4 Bd7 19. Rae1 g6 20.
Nd1 Bxb2 21. Nxb2 Qxb2 22. Rb1 Qxa3 23. Rb3 b6 24. Rxb6 Rf7 25. Rb7 Re8 26.
Qe3 Qa5 27. Re1 Rfe7 28. h4 Rf7 29. Qf2 e5 30. Rb6 Qc3 31. Rxa6 e4 32. Bb5
Qc4 33. Re3 Qc5 34. Bxc6 Bxc6 35. Rxe4 Qxf2 36. Rxe8+ Bxe8 37. Bxf2 Rxf4
38. Kg1 Rc4 39. Ra5 Rxc2 40. Rxd5 Bc6 41. Rd8+ Kf7 42. Rc8 h5 43. Rc7+ Ke6
44. Rc8 Kd7 45. Rf8 Ke7 46. Rc8 Rc4 47. Kh2 1/2-1/2

[Event "North Urals Cup"]
[Site "Krasnoturinsk RUS"]
[Date "2005.07.05"]
[Round "2"]
[White "Koneru,H"]
[Black "Galliamova,A"]
[Result "1-0"]
[WhiteElo "2531"]
[BlackElo "2453"]
[EventDate "2005.07.04"]

1. d4 d5 2. c4 e6 3. Nf3 Nf6 4. Nc3 c6 5. e3 Nbd7 6. Bd3 dxc4 7. Bxc4 b5 8.
Bd3 a6 9. e4 c5 10. d5 c4 11. Bc2 e5 12. O-O Bd6 13. Ne2 O-O 14. b3 cxb3
15. axb3 a5 16. Ng3 b4 17. Be3 Re8 18. Bd3 Nc5 19. Bb5 Ncxe4 20. Nxe4 Nxe4
21. Bxe8 Qxe8 22. Qc2 Nc3 23. Rfe1 f6 24. Nd2 Nxd5 25. Ne4 Bf8 26. Bc5 Bb7
27. Bxf8 Qxf8 28. Qc4 Rc8 29. Qb5 Bc6 30. Qa6 Nf4 31. Nd6 Rd8 32. Qxc6 Qxd6
33. Qxd6 Rxd6 34. Rxa5 Rd3 35. g3 Ne6 36. Rc1 h5 37. Rc6 Nd4 38. Rc7 Rxb3
39. Raa7 Nf5 40. h3 Rb1+ 41. Kg2 b3 42. Rab7 Nd6 43. Rb8+ Kh7 44. Rc3 Kg6
45. Rcxb3 Rc1 46. R3b6 Nf5 47. Re8 Kf7 48. Ra8 Rc2 49. Ra7+ Kg6 50. g4 hxg4
51. hxg4 Nh6 52. Rb4 Rc6 53. f3 f5 54. Kg3 fxg4 55. fxg4 Kf6 56. Rb3 Rd6
57. Kh4 Ng8 58. g5+ Kg6 59. Rbb7 Rd4+ 60. Kg3 Kf5 61. Rxg7 Rd3+ 62. Kh4 Rd8
63. Raf7+ Ke6 64. Rf1 e4 65. Kg4 Ke5 66. Re1 Re8 67. Ra7 Kd4 68. Ra4+ Kd3
69. Ra3+ Kd4 70. Rd1+ Ke5 71. Ra5+ Ke6 72. Re1 Kd6 73. Kf4 Ne7 74. Rxe4
Rf8+ 75. Kg4 Rf7 76. Ra7 Rg7 77. Re1 Rf7 78. g6 Rg7 79. Kf4 Kd5 1-0

[Event "North Urals Cup"]
[Site "Krasnoturinsk RUS"]
[Date "2005.07.06"]
[Round "3"]
[White "Zhukova,N"]
[Black "Kovalevskaya,E"]
[Result "1/2-1/2"]
[WhiteElo "2478"]
[BlackElo "2471"]
[EventDate "2005.07.04"]

1. Nf3 Nf6 2. c4 g6 3. g3 Bg7 4. d4 O-O 5. Bg2 d5 6. cxd5 Nxd5 7. O-O Nc6
8. e4 Nb6 9. d5 Na5 10. Nc3 c6 11. Re1 Nac4 12. a4 cxd5 13. exd5 Nd6 14. a5
Nbc4 15. a6 Re8 16. Nd4 Qb6 17. axb7 Qxb7 18. Na4 Qc7 19. b3 Nb6 20. Bf4
Nxa4 21. Rxa4 Bd7 22. Nc6 Bxc6 23. Bxd6 exd6 24. dxc6 Bc3 25. Rf1 Re7 26.
Qd3 Ba5 27. Bd5 Bb6 28. Rh4 Re5 29. Rf4 Rf8 30. Kg2 Kg7 31. Qd2 f6 32. Rh4
h5 33. Re4 Rfe8 34. Rfe1 Rxe4 35. Rxe4 Rxe4 36. Bxe4 Qe7 37. Bf3 Qe5 38. b4
Qe7 39. Qc2 Bc7 40. Qc4 Bb6 41. Kf1 Kh7 42. Qa6 Qf7 43. Kg2 Qc7 44. Bd5 Kg7
45. Qe2 Kh6 46. Qe6 f5 47. b5 Qd8 48. h3 Qf8 49. h4 Qd8 50. Qf7 Bc7 51. Be6
Bb6 52. Bd7 Qh8 53. Be8 Qg7 54. Qe6 d5 55. Qxd5 Qe7 56. Qd2+ Kg7 57. Bd7
Qe4+ 58. f3 Qe5 59. Qc2 Bc7 60. f4 Qd5+ 61. Kh2 Qd4 62. Qe2 Bb6 63. Qe5+
Qxe5 64. fxe5 Bc7 65. e6 Kf8 66. Kg2 Ke7 67. Kf3 Bd6 68. Bc8 1/2-1/2

[Event "North Urals Cup"]
[Site "Krasnoturinsk RUS"]
[Date "2005.07.06"]
[Round "3"]
[White "Galliamova,A"]
[Black "Kosintseva,N"]
[Result "1/2-1/2"]
[WhiteElo "2453"]
[BlackElo "2490"]
[EventDate "2005.07.04"]

1. e4 c5 2. Nf3 Nc6 3. d4 cxd4 4. Nxd4 Nf6 5. Nc3 d6 6. Bg5 e6 7. Qd2 a6 8.
O-O-O Bd7 9. f4 h6 10. Bh4 g5 11. fxg5 Ng4 12. Nf3 Be7 13. g6 Bxh4 14.
gxf7+ Kxf7 15. Qf4+ Bf6 16. Qxg4 Ke7 17. Bc4 Qg8 18. Qh3 h5 19. Rd3 Qg4 20.
Rhd1 Qxh3 21. gxh3 Ne5 22. Rxd6 Rad8 23. Be2 Nxf3 24. Bxf3 Be5 25. R6d3 h4
26. Bg4 Bf4+ 27. Kb1 Bxh2 28. Ne2 Bc8 29. Rxd8 Rxd8 30. Rxd8 Kxd8 31. c4
Ke7 32. Kc2 Be5 33. b4 b6 34. Kd3 Bd7 35. Ng1 Bd6 36. Nf3 Bxb4 37. Nxh4 b5
38. Nf3 Ba3 39. Nd4 bxc4+ 40. Kxc4 Kd6 41. h4 Ke5 42. Kd3 Bc5 43. Nb3 Bb5+
44. Kc3 Be7 45. h5 Bf6 46. Kb4 Be7+ 47. Ka5 Bd8+ 48. Kb4 Be7+ 49. Ka5 Bd8+
50. Kb4 1/2-1/2

[Event "North Urals Cup"]
[Site "Krasnoturinsk RUS"]
[Date "2005.07.06"]
[Round "3"]
[White "Kosteniuk,A"]
[Black "Koneru,H"]
[Result "1/2-1/2"]
[WhiteElo "2516"]
[BlackElo "2531"]
[EventDate "2005.07.04"]

1. e4 e5 2. Nf3 Nf6 3. Nxe5 d6 4. Nf3 Nxe4 5. d4 d5 6. Bd3 Nc6 7. O-O Be7
8. Re1 Bf5 9. c4 O-O 10. cxd5 Qxd5 11. Nc3 Nxc3 12. bxc3 Bxd3 13. Qxd3 Rfe8
14. Bf4 Rac8 15. c4 Qd7 16. Rab1 Bf6 17. d5 b6 18. Rbd1 Ne7 19. Be5 Bxe5
20. Nxe5 Qd6 21. Re3 f6 22. Nf3 Ng6 23. Nd4 Rxe3 24. Qxe3 Qe5 25. Qb3 Re8
26. g3 Kh8 27. Qa4 a5 28. Ne6 Re7 29. c5 bxc5 30. Qxa5 h5 31. Qd2 h4 32. f4
Qh5 33. Rb1 Qf5 34. Qd1 Rd7 35. g4 Qxd5 36. Qxd5 Rxd5 37. Nxc7 Rd2 38. Ne6
c4 39. Rb8+ Kh7 40. Rc8 h3 41. Rxc4 Rg2+ 42. Kf1 Rxh2 43. Rc3 Rh1+ 44. Kf2
h2 45. Rh3+ Kg8 46. Kg2 Re1 47. f5 Ne5 48. Rxh2 Nxg4 49. Rh4 Nh6 50. Nd4
Ra1 51. Re4 Rxa2+ 52. Kf3 Ra3+ 53. Kf4 Rh3 54. Re8+ Kf7 55. Rd8 Rh4+ 56.
Kf3 Rxd4 57. Rxd4 Nxf5 58. Rd7+ Ke6 59. Ra7 g5 60. Kg4 Ne3+ 61. Kh5 Ke5 62.
Ra5+ Kf4 63. Kg6 g4 64. Kxf6 g3 65. Ra1 Kf3 66. Rg1 Ng2 67. Rf1+ Ke2 68.
Rf5 Ne3 69. Rg5 g2 70. Rxg2+ 1/2-1/2

[Event "North Urals Cup"]
[Site "Krasnoturinsk RUS"]
[Date "2005.07.06"]
[Round "3"]
[White "Kosintseva,T"]
[Black "Chiburdanidze,M"]
[Result "0-1"]
[WhiteElo "2477"]
[BlackElo "2509"]
[EventDate "2005.07.04"]

1. e4 c6 2. d4 d5 3. e5 Bf5 4. Be3 Qb6 5. Qc1 e6 6. c4 dxc4 7. Bxc4 Be4 8.
f3 Bd5 9. Bxd5 Qa5+ 10. Nc3 cxd5 11. a3 Nd7 12. Nge2 Ne7 13. Bf2 Nc6 14.
O-O Be7 15. f4 g6 16. g4 h5 17. f5 hxg4 18. f6 Bf8 19. Qf4 Bh6 20. Qxg4 Qa6
21. Qg3 Na5 22. a4 Qb6 23. Nb5 Bf8 24. Rac1 Nc6 25. Nf4 a6 26. Nc3 Nb4 27.
Kh1 Bh6 28. Rcd1 Bxf4 29. Qxf4 O-O-O 30. Ne2 Nb8 31. Ng1 N4c6 32. Qd2 Qb3
33. Ra1 Kd7 34. Ra3 Qb4 35. Qd1 Na5 36. Nf3 Qxb2 37. Rd3 Rh5 38. Be1 Nbc6
39. Rf2 Qb6 40. Rg2 Rc8 41. Ng5 Nd8 42. Bxa5 Qxa5 43. Rb3 Rc7 44. Rb1 Qc3
45. Qg4 Rh8 46. Rd1 Qa3 47. Rf1 Qxa4 48. Rg3 Rc2 49. Rh3 Rxh3 50. Qxh3 Qxd4
51. Qa3 Qc5 52. Qh3 Rc1 53. Nf3 a5 54. Rxc1 Qxc1+ 55. Kg2 a4 56. Qh8 a3 57.
Qf8 a2 0-1

[Event "North Urals Cup"]
[Site "Krasnoturinsk RUS"]
[Date "2005.07.07"]
[Round "4"]
[White "Zhukova,N"]
[Black "Xu Yuhua"]
[Result "0-1"]
[WhiteElo "2478"]
[BlackElo "2480"]
[EventDate "2005.07.04"]

1. Nf3 Nf6 2. c4 e6 3. Nc3 b6 4. e4 Bb7 5. e5 Ne4 6. Nxe4 Bxe4 7. Be2 Be7
8. O-O O-O 9. d3 Bb7 10. d4 f6 11. Be3 Kh8 12. Qd2 Nc6 13. Rac1 Qe8 14.
exf6 Bxf6 15. d5 Ne7 16. dxe6 dxe6 17. Rcd1 Nf5 18. Bg5 e5 19. Bxf6 gxf6
20. Qd7 Nd4 21. Rxd4 exd4 22. Qxe8 Rfxe8 23. Nxd4 Rad8 24. Bf3 Bxf3 25.
Nxf3 Re2 0-1

[Event "North Urals Cup"]
[Site "Krasnoturinsk RUS"]
[Date "2005.07.07"]
[Round "4"]
[White "Kosintseva,N"]
[Black "Kosteniuk,A"]
[Result "1/2-1/2"]
[WhiteElo "2490"]
[BlackElo "2516"]
[EventDate "2005.07.04"]

1. e4 c5 2. Nf3 d6 3. d4 cxd4 4. Nxd4 Nf6 5. Nc3 a6 6. Bg5 e6 7. f4 Qc7 8.
Qf3 b5 9. O-O-O Bb7 10. Bxf6 gxf6 11. Qh5 Ke7 12. f5 Qc5 13. Be2 Nc6 14.
Nxc6+ Bxc6 15. Bf3 b4 16. e5 dxe5 17. Bxc6 Qxc6 18. Ne2 Qe4 19. Kb1 Rg8 20.
fxe6 fxe6 21. Ng3 Qg4 22. Qxh7+ Rg7 23. Qd3 Kf7 24. Ne4 Be7 25. Qc4 Rh8 26.
Rd7 Kg6 27. g3 Bf8 28. Rd3 Re7 29. Rd6 Kg7 30. Qd3 a5 31. Nc5 Rh6 32. b3
Re8 33. Rxe6 Re7 34. Qd5 Rc7 35. Rc6 Rxc6 36. Qxc6 Bxc5 37. Qxc5 Qf3 38.
Qe7+ Kg6 39. Qe8+ Kg7 40. Qd7+ Kg6 41. Qe8+ Kg7 42. Qd7+ Kg6 43. Qe8+ Kg7
44. Qd7+ Kg6 45. Rd1 Rxh2 46. Qe8+ Kf5 47. Qc8+ Kg5 48. Qg8+ Kf5 49. Qc8+
Kg5 50. Qg8+ 1/2-1/2

[Event "North Urals Cup"]
[Site "Krasnoturinsk RUS"]
[Date "2005.07.07"]
[Round "4"]
[White "Koneru,H"]
[Black "Kosintseva,T"]
[Result "1-0"]
[WhiteElo "2531"]
[BlackElo "2477"]
[EventDate "2005.07.04"]

1. d4 Nf6 2. Nf3 d5 3. c4 e6 4. e3 Be7 5. Nbd2 O-O 6. Bd3 b6 7. O-O Bb7 8.
Qc2 Nbd7 9. b3 h6 10. Bb2 c5 11. Rac1 cxd4 12. Nxd4 Nc5 13. Be2 Rc8 14.
Rfd1 Bd6 15. Qb1 Nfe4 16. Nxe4 Nxe4 17. Nf3 Qe7 18. Qa1 f6 19. h3 Rfd8 20.
Qb1 Bb8 21. Nd4 Qd6 22. f4 Qe7 23. Bf3 f5 24. cxd5 Rxc1 25. Qxc1 Bxd5 26.
Nc6 Bxc6 27. Rxd8+ Qxd8 28. Qxc6 Nd6 29. Qc3 Ne8 30. Qc4 Qd7 31. g4 Kh7 32.
Qc2 Nf6 33. Bc6 Qc8 34. b4 Bd6 35. b5 Bc5 36. Qd3 Kh8 37. Kf1 fxg4 38. hxg4
Nxg4 39. e4 Qf8 40. Qg3 Ne3+ 41. Ke2 Nc2 42. Qd3 Nb4 43. Qd7 Nxa2 44. f5
exf5 45. Qe6 Nb4 46. Bd7 Kh7 47. Be8 Qd6 48. Bg6+ Kh8 49. Qc8+ Qf8 50. Qe6
Be7 51. Bxf5 Bf6 52. e5 Qb8 53. exf6 Qh2+ 54. Kd1 Qh1+ 55. Kd2 Qg2+ 56. Kc3
Nd5+ 57. Kb3 Qf3+ 58. Ka2 Nb4+ 59. Kb1 Qd1+ 60. Bc1 1-0

[Event "North Urals Cup"]
[Site "Krasnoturinsk RUS"]
[Date "2005.07.08"]
[Round "5"]
[White "Xu Yuhua"]
[Black "Kovalevskaya,E"]
[Result "1/2-1/2"]
[WhiteElo "2480"]
[BlackElo "2471"]
[EventDate "2005.07.04"]

1. e4 e5 2. Nf3 Nc6 3. Bc4 Bc5 4. c3 Nf6 5. d3 a6 6. Bb3 Ba7 7. O-O d6 8.
Be3 O-O 9. Nbd2 h6 10. h3 d5 11. Bxa7 Rxa7 12. Re1 dxe4 13. dxe4 Qe7 14.
Nc4 Qc5 15. Qc2 Be6 16. Ne3 Bxb3 17. axb3 Rd8 18. b4 Qe7 19. Rad1 Qe6 20.
Rxd8+ Nxd8 21. Rd1 Ra8 22. Nd5 Ne8 23. c4 Nc6 24. b5 axb5 25. cxb5 Nd4 26.
Nxd4 exd4 27. f3 Ra5 28. Qc4 c6 29. bxc6 bxc6 30. Qxc6 Qxc6 31. Ne7+ Kf8
32. Nxc6 Rb5 33. Rd2 d3 34. Nd4 Rb4 35. Nf5 h5 36. e5 g6 37. Ne3 Nc7 38.
Rxd3 Rxb2 39. Rd7 Ne6 40. Nc4 Rc2 41. Nd6 Rc7 42. Rxc7 Nxc7 43. Kf2 Ke7 44.
Ne4 Nd5 45. Kg3 Ke6 46. f4 Kf5 47. Nd6+ Ke6 48. Nb5 Kf5 49. Nd6+ Ke6 50.
Kf3 f6 51. Nc4 fxe5 52. fxe5 Kf5 53. g4+ hxg4+ 54. hxg4+ Ke6 55. Ke4 g5 56.
Kd4 Nf4 57. Nb2 Ne2+ 58. Ke3 Nc3 59. Kd4 Ne2+ 60. Ke4 Nc3+ 61. Kd3 Kxe5 62.
Kxc3 Kf4 1/2-1/2

[Event "North Urals Cup"]
[Site "Krasnoturinsk RUS"]
[Date "2005.07.08"]
[Round "5"]
[White "Galliamova,A"]
[Black "Zhukova,N"]
[Result "1/2-1/2"]
[WhiteElo "2453"]
[BlackElo "2478"]
[EventDate "2005.07.04"]

1. d4 d5 2. c4 c6 3. cxd5 cxd5 4. Bf4 Nc6 5. e3 Nf6 6. Bd3 a6 7. Nc3 e6 8.
Rc1 Be7 9. Nf3 O-O 10. O-O Bd7 11. Ne5 Be8 12. Bb1 Kh8 13. a3 Rc8 14. b4 a5
15. Nxc6 bxc6 16. Na2 axb4 17. axb4 Bd6 18. Bg3 Qe7 19. Bh4 e5 20. Nc3 Bd7
21. b5 Qe6 22. bxc6 Bxc6 23. dxe5 Bxe5 24. Bxf6 Bxf6 25. Ne2 Bb5 26. Rxc8
Rxc8 27. Bd3 Bc4 28. Nf4 Qa6 29. h3 Be5 30. Qh5 Bxd3 31. Nxd3 Qxd3 32. Qxe5
h6 33. Qa1 Rc2 34. Qe5 f6 35. Qh5 Qd2 36. Kh2 Qe2 37. Qxd5 Qxf1 38. Qa8+
Kh7 39. Qe4+ Kg8 40. Qxc2 Qa1 41. Qc8+ Kh7 42. Qf5+ Kh8 43. f4 Qb2 44. e4
Qc2 45. Qe6 Qf2 46. Qc8+ Kh7 47. Qg4 Kg8 48. e5 fxe5 49. fxe5 g5 50. Qe4
Kf8 51. h4 Qxh4+ 52. Qxh4 gxh4 53. Kh3 Kf7 54. Kg4 Ke6 55. Kf4 Ke7 56. Kf5
Kf7 57. e6+ Ke7 58. Ke5 Ke8 59. Kf6 Kf8 60. Kg6 Ke7 61. Kf5 Ke8 62. Ke4 Ke7
63. Kd5 Ke8 64. Kd6 Kd8 65. Kc5 Ke7 66. Kd5 Ke8 67. Ke4 Ke7 68. Kf5 Ke8 69.
Kg6 Ke7 70. Kf5 1/2-1/2

[Event "North Urals Cup"]
[Site "Krasnoturinsk RUS"]
[Date "2005.07.10"]
[Round "6"]
[White "Kovalevskaya,E"]
[Black "Koneru,H"]
[Result "1/2-1/2"]
[WhiteElo "2471"]
[BlackElo "2531"]
[EventDate "2005.07.04"]

1. e4 c5 2. Nf3 e6 3. c4 a6 4. Nc3 Qc7 5. Be2 b6 6. O-O Bb7 7. d4 cxd4 8.
Qxd4 Nc6 9. Qd3 Nf6 10. Bg5 Nb4 11. Qb1 Be7 12. Rd1 h6 13. Bh4 d6 14. a3
Nc6 15. Qd3 Rd8 16. Rac1 Ne5 17. Qd4 O-O 18. Bg3 Ng6 19. Nd2 h5 20. h3 h4
21. Bh2 Qc5 22. Qd3 Ne5 23. Qb1 Qc7 24. Kh1 Qb8 25. Nf3 Ng6 26. Bf1 Qa8 27.
Re1 d5 28. exd5 exd5 29. cxd5 Nxd5 30. Nxd5 Rxd5 31. Ne5 Nxe5 32. Rxe5 Rxe5
33. Bxe5 Be4 34. Qa1 f6 35. Bd4 b5 36. Bc5 Bxc5 37. Rxc5 Rd8 38. a4 Qa7 39.
Qc1 Qd7 40. f3 Bd3 41. axb5 axb5 42. Bxd3 Qxd3 43. Qe1 Qd1 44. Qxd1 Rxd1+
45. Kh2 b4 46. Rc4 b3 47. Rc3 Rd2 48. Rxb3 Kh7 49. Rb4 g5 50. f4 Kg6 51.
fxg5 fxg5 52. Rb5 Rc2 53. b4 Rb2 54. Rb8 Rb1 55. b5 Kg7 56. b6 Kh7 57. b7
Kg7 58. g4 hxg3+ 59. Kxg3 Rb4 60. Kf3 Kh7 61. Ke3 Kg7 62. Kd3 Kh7 63. Kc3
Rb1 64. Kc4 Kg7 65. Kc5 Rc1+ 66. Kd6 Rd1+ 67. Ke6 Rb1 68. Kf5 Rb5+ 69. Kg4
Kh7 70. Kh5 Kg7 71. Kg4 Kh7 72. Kh5 1/2-1/2

[Event "North Urals Cup"]
[Site "Krasnoturinsk RUS"]
[Date "2005.07.10"]
[Round "6"]
[White "Zhukova,N"]
[Black "Kosteniuk,A"]
[Result "1/2-1/2"]
[WhiteElo "2478"]
[BlackElo "2516"]
[EventDate "2005.07.04"]

1. d4 d5 2. c4 c6 3. Nc3 Nf6 4. Nf3 e6 5. Bg5 h6 6. Bh4 dxc4 7. e4 g5 8.
Bg3 b5 9. Be2 Bb7 10. h4 g4 11. Ne5 Nbd7 12. Nxd7 Qxd7 13. Be5 Be7 14. Bxg4
Rg8 15. Bf3 O-O-O 16. Qe2 Ba6 17. b3 b4 18. Nd1 Qb7 19. bxc4 Nd7 20. Bh2
Nb6 21. Nb2 Rxd4 22. Qe3 Bc5 23. O-O Qe7 24. Qxh6 Rg6 25. Qh5 Rg8 26. Rad1
f5 27. Nd3 Bd6 28. Ne5 Nxc4 29. Rxd4 Bxe5 30. Bxe5 Nxe5 31. Rc1 Qg7 32. Rd2
Qf8 33. Rcd1 Qf6 34. exf5 Bc4 35. Rd6 Kc7 36. R6d4 Nxf3+ 37. Qxf3 Bd5 38.
Rxd5 exd5 39. h5 Qg5 40. g3 Rf8 41. Re1 Rxf5 42. Qe2 Kb6 43. Rb1 a5 44. a3
Re5 45. Qc2 Re4 46. axb4 axb4 47. Ra1 Qe5 48. Qd1 Qc3 49. h6 b3 50. Rc1 Qb4
51. h7 b2 52. Rb1 Qc3 53. Kg2 Re8 54. Qh5 Rb8 55. Qe2 Ka5 56. Qe7 Kb6 57.
Qe2 Kc5 58. Qe7+ Kb6 59. Qe2 Ka5 60. Qe7 Kb6 1/2-1/2

[Event "North Urals Cup"]
[Site "Krasnoturinsk RUS"]
[Date "2005.07.10"]
[Round "6"]
[White "Xu Yuhua"]
[Black "Galliamova,A"]
[Result "1-0"]
[WhiteElo "2480"]
[BlackElo "2453"]
[EventDate "2005.07.04"]

1. e4 c5 2. Nf3 d6 3. Bb5+ Nd7 4. d4 Ngf6 5. O-O a6 6. Bxd7+ Nxd7 7. Bg5 h6
8. Bh4 Qb6 9. Nc3 g5 10. Bg3 Bg7 11. e5 cxd4 12. Nd5 Qc6 13. Qxd4 e6 14.
Ne3 dxe5 15. Nxe5 Qc5 16. Qxc5 Nxc5 17. N5c4 Nd7 18. a4 f5 19. Bc7 O-O 20.
c3 f4 21. Nc2 Rf5 22. Rfd1 Rc5 23. Nb6 Nxb6 24. Bxb6 Rc6 25. a5 Kf7 26. Nd4
Rd6 27. Nb3 Rc6 28. Nc5 Rb8 29. Ba7 Ra8 30. Nxb7 Kg6 31. Nd8 Rc4 32. Bb6
Bf8 33. Re1 Kf5 34. Bd4 Rb8 35. Re5+ Kg4 36. Re2 Kf5 37. Rae1 Rb5 38. Nxe6
Bd6 39. Bb6 Rd5 40. Nd4+ Kg6 41. f3 g4 42. fxg4 Bxg4 43. Re8 Rc8 44. h3 Bd7
45. Rxc8 Bxc8 46. Re8 Bb7 47. Re6+ Kf7 48. Rxh6 Bf8 49. Rh4 Bg7 50. Rxf4+
Kg8 51. h4 Re5 52. Kf2 Bh6 53. Rg4+ Kf7 54. Nf3 Rf5 55. b4 Bf8 56. Bd4 Be7
57. Ke3 Bf8 58. Rf4 Bh6 59. Ng5+ Kg6 60. Rxf5 Kxf5 61. g3 Bg2 62. Bh8 Bf8
63. Nf7 Ke6 64. Ne5 Bh6+ 65. Kd4 Bd2 66. g4 Be1 67. Nd3 1-0

[Event "North Urals Cup"]
[Site "Krasnoturinsk RUS"]
[Date "2005.07.11"]
[Round "7"]
[White "Galliamova,A"]
[Black "Kovalevskaya,E"]
[Result "1-0"]
[WhiteElo "2453"]
[BlackElo "2471"]
[EventDate "2005.07.04"]

1. d4 Nf6 2. c4 e6 3. Nf3 Bb4+ 4. Nbd2 O-O 5. a3 Be7 6. e4 d5 7. e5 Nfd7 8.
b4 a5 9. b5 c5 10. Bb2 cxd4 11. Bxd4 Nc5 12. cxd5 exd5 13. Bxc5 Bxc5 14.
Bd3 Nd7 15. O-O Re8 16. Re1 g6 17. Nf1 Bf8 18. Ra2 Bg7 19. Rae2 Nc5 20. Bb1
Bg4 21. Rd2 Bxf3 22. Qxf3 d4 23. Ba2 Qd7 24. Qf4 Rad8 25. h4 Ne6 26. Qg3
Qxb5 27. f4 d3 28. h5 Qb6+ 29. Kh1 Nd4 30. Rb1 Qa6 31. hxg6 hxg6 32. Qxd3
Qxd3 33. Rxd3 Ne2 34. Rf3 Re7 35. Bc4 Nd4 36. Rd3 Ne6 37. Rxd8+ Nxd8 38.
Ne3 Rc7 39. g3 Bf8 40. a4 Kg7 41. Kg2 Bb4 42. Rd1 Ne6 43. Kf3 Bf8 44. g4
Bc5 45. Nd5 Rd7 46. f5 Nd4+ 47. Ke4 Nc6 48. Rh1 Nb4 49. f6+ Kg8 50. Rh6 1-0

[Event "North Urals Cup"]
[Site "Krasnoturinsk RUS"]
[Date "2005.07.11"]
[Round "7"]
[White "Kosteniuk,A"]
[Black "Xu Yuhua"]
[Result "0-1"]
[WhiteElo "2516"]
[BlackElo "2480"]
[EventDate "2005.07.04"]

1. e4 e6 2. d4 d5 3. Nc3 Nf6 4. Bg5 Bb4 5. e5 h6 6. Be3 Ne4 7. Qg4 g6 8. a3
Bxc3+ 9. bxc3 c5 10. Bd3 Nxc3 11. dxc5 Nc6 12. Nf3 Qe7 13. O-O a5 14. Rfe1
Bd7 15. h4 O-O-O 16. a4 f5 17. exf6 Qxf6 18. Qxg6 Qe7 19. Qg3 Ne4 20. Bxe4
dxe4 21. Nd2 e5 22. Nxe4 Rhg8 23. Nd6+ Kb8 24. Qh2 Qe6 25. Rab1 Nb4 26. Bf4
Bc6 27. Bg3 Nxc2 28. Rxe5 Qa2 29. Rd1 Ka8 30. h5 Qxa4 31. Qh4 Qxh4 32. Bxh4
Rxg2+ 33. Kf1 Rh2 34. Bxd8 Bf3 0-1

[Event "North Urals Cup"]
[Site "Krasnoturinsk RUS"]
[Date "2005.07.11"]
[Round "7"]
[White "Kosintseva,T"]
[Black "Zhukova,N"]
[Result "1-0"]
[WhiteElo "2477"]
[BlackElo "2478"]
[EventDate "2005.07.04"]

1. e4 e5 2. Nf3 Nc6 3. Bc4 Bc5 4. d3 Nf6 5. c3 a6 6. Bb3 d6 7. h3 Ba7 8.
Nbd2 O-O 9. O-O d5 10. exd5 Nxd5 11. Nc4 f6 12. a4 Kh8 13. a5 Be6 14. Qe2
Re8 15. Rd1 Qd7 16. Ba4 Qf7 17. Qe4 Rad8 18. Bxc6 bxc6 19. Be3 Nxe3 20.
Nxe3 Bd5 21. Nxd5 cxd5 22. Qa4 c5 23. Re1 Rb8 24. Re2 Rb5 25. c4 dxc4 26.
dxc4 Rb4 27. Qc6 Rxc4 28. Qxa6 Rd8 29. Rxe5 fxe5 30. Nxe5 Qf5 31. Nxc4 Bb8
32. Qb5 h6 33. Ne3 Qf4 34. g3 Qf3 35. Qxc5 Qe2 36. Qc2 Qa6 37. Qc4 Qf6 38.
Qh4 Qf8 39. Rd1 Re8 40. Qd4 Qf3 41. Qg4 Qf6 42. b4 Rf8 43. Qe2 Qc3 44. Nd5
Qb3 45. Kg2 Ba7 46. Nf4 Rc8 47. b5 Bc5 1-0

[Event "North Urals Cup"]
[Site "Krasnoturinsk RUS"]
[Date "2005.07.13"]
[Round "9"]
[White "Koneru,H"]
[Black "Zhukova,N"]
[Result "1/2-1/2"]
[WhiteElo "2531"]
[BlackElo "2478"]
[EventDate "2005.07.04"]

1. d4 d5 2. c4 c6 3. Nf3 Nf6 4. e3 e6 5. Nbd2 Nbd7 6. Bd3 Bd6 7. O-O O-O 8.
e4 dxe4 9. Nxe4 Nxe4 10. Bxe4 h6 11. Bc2 c5 12. b3 b6 13. Bb2 Bb7 14. Qd3
f5 15. Rfe1 Qe7 16. Rad1 Rad8 17. Qe2 Bxf3 18. Qxf3 cxd4 19. Rxd4 Bc5 20.
Rdd1 Qf7 21. a3 a5 22. Qc3 e5 23. b4 Bd4 24. Qb3 Bxb2 25. Qxb2 axb4 26.
axb4 Kh8 27. Ba4 Nf6 28. c5 bxc5 29. bxc5 Ne4 30. Bc2 Rxd1 31. Rxd1 Nxc5
32. Qxe5 Ne4 1/2-1/2

[Event "North Urals Cup"]
[Site "Krasnoturinsk RUS"]
[Date "2005.07.13"]
[Round "9"]
[White "Kosteniuk,A"]
[Black "Kovalevskaya,E"]
[Result "1-0"]
[WhiteElo "2516"]
[BlackElo "2471"]
[EventDate "2005.07.04"]

1. e4 c5 2. Nf3 Nc6 3. d4 cxd4 4. Nxd4 e5 5. Nb5 d6 6. N1c3 a6 7. Na3 b5 8.
Nd5 Nge7 9. c4 Nxd5 10. exd5 Nd4 11. cxb5 Be7 12. Be3 Nf5 13. bxa6 O-O 14.
Bd2 e4 15. Nc4 Bxa6 16. Be2 Bxc4 17. Bxc4 e3 18. fxe3 Bg5 19. O-O Nxe3 20.
Bxe3 Bxe3+ 21. Kh1 Qh4 22. Qd3 Rae8 23. Rf3 Bc5 24. g3 Qg4 25. Raf1 Re4 26.
Rf4 Rxf4 27. Rxf4 Qg5 28. Qe2 Qd8 29. Bb5 Ba7 30. a4 Qb6 31. Kg2 g5 32. Rf5
h6 33. Be8 Qe3 34. Qxe3 Bxe3 35. Bb5 Rc8 36. Kf3 Bd4 37. Ke4 Bxb2 38. Rf2
Ba3 39. a5 Rc5 40. Ra2 f5+ 41. Kxf5 Rxd5+ 42. Kg6 Rxb5 43. Rxa3 Rb7 44. a6
Ra7 45. Rb3 1-0